Localidades y barrios de La Laguna (Tenerife) - Estadísticas

Estadísticas generales
  • Esta prueba ha sido intentada 64 veces
  • La puntuación promedio es 11 de 36
Estadísticas de respuestas
🏛️ Población/Barrio % Correcto
. Taco
75%
. La Cuesta
71%
. Gracia
54%
. San Cristóbal de La Laguna
54%
. Tejina
54%
. Guajara
50%
. Punta del Hidalgo
50%
. Bajamar
46%
. Finca España
43%
. Geneto
43%
. El Coromoto
36%
. Guamasa
36%
. Las Mercedes
36%
. Valle de Guerra
36%
. Vega de Las Mercedes
36%
. La Vega Lagunera
32%
. Los Rodeos
32%
. Los Baldíos
29%
. Barrio Nuevo
25%
. Las Chumberas
25%
. El Ortigal
21%
. Jardina
21%
. El Rocío
18%
. El Batán
14%
. Las Gavias
14%
. Los Andenes
14%
. Los Valles
14%
. San Lázaro
14%
. Vistabella
14%
. Bejía
11%
. Cabeza Toro
11%
. Chinamada
11%
. Las Carboneras
11%
. Las Montañas
11%
. El Río
7%
. La Higuerita
7%
No se encontraron pruebas coincidentes
Distribución de puntuación
Porcentaje de gente con cada puntuación
Porcentaje por número respondido
Historial de tus puntuaciones
No has intentado esta prueba.